000 00413naa a2200157 a 4500
001 2737
003 CDMR
005 20130116135235.0
008 130130s ||||||||||||r|||||||||||||||d
040 _aCDMR
_bcat
_cCDMR
100 1 _aBertran i Pijoan, Lluís
_92057
245 1 0 _aManuel Duran i Bas
600 1 4 _aDuran i Bas, Manuel
_92058
773 0 _a
_tAnuari de la Prensa Diaria
_gAño I, 1923, p.85-92
942 _cCAP
999 _c2737
_d2737